| 000 | 00345nam a2200133Ia 4500 | ||
|---|---|---|---|
| 008 | 240624s9999 xx 000 0 und d | ||
| 041 | _aeng | ||
| 082 | _a305.390954 DER | ||
| 100 | _aDERNE STEVE | ||
| 245 | _aGLOBALIZATION ON THE GROUND MEDIA AND TH | ||
| 260 |
_c2008 _aNew Delhi _bSage India |
||
| 300 | _a244 : p. : 24 : cm. | ||
| 365 |
_cRS _b34 |
||
| 999 |
_c9864 _d9864 |
||